000 01131naa a2200277 c 4500
001 46973
003 ES-MaCES
005 20160115101439.0
008 160115s2015 sp ||||| t||||||| ||spa d
040 _aES-MaCES
_bspa
_cES-MaCES
_dES-MaCES
100 1 _925877
_aVila Tierno, Francisco
245 1 0 _aContratas y subcontratas en la Administración Pública y otros supuestos de "externalización" o descentralización límites a su utilización
_cFrancisco Vila Tierno
650 4 _927214
_aadministración pública
650 4 _927150
_asector público
650 4 _927148
_aempresa pública
650 4 _928256
_asubcontratación
650 4 _928310
_atrabajo subcontratado
650 4 _928369
_arelaciones laborales
650 4 _928327
_acondiciones de trabajo
650 4 _927223
_areforma administrativa
650 4 _927165
_aderecho del trabajo
653 1 0 _aRelaciones laborales-Empleo
773 0 _983793
_dGranada Comares 2015
_o086695
_tReestructuración de las Administraciones Públicas
_w(ES-MaCES)46779
_z9788490453315
_gp.321-342 . - SR-6.0.2.-49
902 _aARL Artículo de libro
942 _2CES
_cAR
_h2.0.
999 _c46973
_d46973